000 00600nam a2200241Ia 4500
003 OSt
005 20220912145429.0
006 a|||||r|||| 00| 0
007 ta
008 220909b |||||||| |||| 00| 0 eng d
024 _a66349
037 _cTextual
040 _aCSL
_beng
_cCSL
041 _aeng
082 _aB288, K2
100 _aChakrabarti M.C.
245 0 _aMathematics of design and analysis of experiments
260 _c1962
300 _ap.
_ccm.
650 _aExperimental design
942 _hB288, K2
_cTEXL
_2CC
999 _c31638
_d31638